Industrial relations and labour laws in India (Record no. 1453274)

MARC details
000 -LEADER
fixed length control field 00576nam a2200205Ia 4500
005 - DATE AND TIME OF LATEST TRANSACTION
control field 20250923145608.0
008 - FIXED-LENGTH DATA ELEMENTS--GENERAL INFORMATION
fixed length control field 008 250917s9999 xx 000 0 eng d
037 ## - SOURCE OF ACQUISITION
Stock number Textual
040 ## - CATALOGING SOURCE
Original cataloging agency DSWL
Language of cataloging eng
Transcribing agency DSWL
041 ## - LANGUAGE CODE
Language code of text/sound track or separate title eng
Source of code eng
084 ## - COLON CLASSIFICATION NUMBER
Classification number Z2(X.9), N83
Assigning agency DSWL
100 ## - MAIN ENTRY--PERSONAL NAME
Personal name Monga, M.L.
9 (RLIN) 836970
245 #0 - TITLE STATEMENT
Title Industrial relations and labour laws in India
Statement of responsibility, etc. by M.L.Monga
260 ## - PUBLICATION, DISTRIBUTION, ETC.
Place of publication, distribution, etc. New Delhi
Name of publisher, distributor, etc. Deep & Deep
Date of publication, distribution, etc. 1983
300 ## - PHYSICAL DESCRIPTION
Extent 300 p.
365 ## - TRADE PRICE
Price type code INR
Price amount 76.50
925 ## -
-- 76.50
942 ## - ADDED ENTRY ELEMENTS (KOHA)
Koha item type Textual
Classification part Z2(X.9), N83
Holdings
Withdrawn status Lost status Damaged status Not for loan Home library Current library Date acquired Source of acquisition Inventory number Total Checkouts Full call number Barcode Date last seen Price effective from Koha item type
        Department of Social Work Library Department of Social Work Library 2025-09-23 K.P. Pubs. 1698 12/01/1983   Z2(X.9), N83 SW0020860 2025-09-23 2025-09-23 Textual
Copyright @ Delhi University Library System